Načítá se...
Gender, genre and power in South Asian expressive traditions
| Hlavní autor: | |
|---|---|
| Médium: | Printed Book |
| Vydáno: |
New Delhi, Motilal Banarasidas
1994
|
| Témata: |
| LEADER | 005680000a22001810004500 | ||
|---|---|---|---|
| 020 | |a 81-208-1178-X | ||
| 082 | |a 301.095 4 N41 | ||
| 100 | |a Arjun Appadurai; Ed, et al | ||
| 245 | |a Gender, genre and power in South Asian expressive traditions | ||
| 260 | |a New Delhi, Motilal Banarasidas | ||
| 260 | |c 1994 | ||
| 465 | |a R 325 | ||
| 650 | |a Asia | ||
| 650 | |a India | ||
| 650 | |a Social conditions | ||
| 942 | |c BK | ||
| 999 | |c 1255 |d 1255 | ||
| 952 | |0 0 |1 0 |4 0 |6 301_095000000000000_4_N41 |7 0 |8 ENG |9 1046 |a MGUL |b MGUL |d 2013-07-16 |e R 325 |l 0 |o 301.095 4 N41 |p 23794 |r 2013-07-16 |w 2013-07-16 |y BK | ||